| 000 | 00466cam a2200181 4500 | ||
|---|---|---|---|
| 001 | D14602 | ||
| 008 | 090401t1946 xxu||||| |||| 00| 0 eng d | ||
| 035 | _a(Sirsi) u16850 | ||
| 041 | _aeng | ||
| 050 | _a634 | ||
| 100 | _aBrimble, L.J.F. | ||
| 245 | _aTrees in Britain: wild, ornamental and economic and some relatives in other lands | ||
| 260 |
_aLondon _bMacMillan _c1946 |
||
| 300 | _ax. 352p. ill. 23cm | ||
| 350 | _a0 | ||
| 942 | _n0 | ||
| 948 | _c04/03/1997 | ||
| 999 |
_c87454 _d87454 |
||